[Event "V Copa Marcel Duchamp 2022"]
[Site "Montevideo"]
[Date "2022.02.17"]
[Round "7.3"]
[White "Hungaski, Robert"]
[Black "Lima, Darcy"]
[Result "1/2-1/2"]
[WhiteElo "2537"]
[BlackElo "2507"]
[Annotator "TA"]
[PlyCount "114"]
[EventDate "2022.02.12"]
[EventCountry "URU"]
[SourceTitle "playchess.com"]
[Source "ChessBase"]
[SourceQuality "1"]

{[%evp 23,114,31,29,37,31,25,25,14,28,7,23,0,0,0,0,0,0,0,18,-18,-26,-13,0,0,0,0,0,0,0,0,0,0,0,-16,0,-16,0,-33,0,0,0,0,0,0,0,8,47,56,50,74,38,8,10,0,15,0,14,0,0,0,0,0,0,0,0,0,0,0,0,0,0,0,0,8,443,408,395,145,312,54,75,47,79,75,155,47,168,27,42,0,0,0,0]} 1. Nf3 Nf6 2. c4 e6 3. g3 b6 4. Bg2 Bb7 5. O-O Be7 6. Nc3 O-O 7. Re1 Ne4 8. Nxe4 Bxe4 9. d3 Bb7 10. e4 c5 11. d4 cxd4 12. Nxd4 d6 {12...d6 has become a bit dusty these days.} 13. b3 {A17: English Opening: 1...Nf6 with ...Bb4.} Nd7 14. Bb2 a6 15. Qd2 {White has an edge.} Qc7 16. f4 Rfe8 17. Rad1 b5 18. cxb5 axb5 19. a3 Qb6 20. Kh1 {[#]} Nf6 $146 ({Predecessor:} 20... Rec8 21. b4 Nf6 22. Qe3 Rc4 23. Nf5 Qxe3 24. Nxe7+ Kf8 25. Rxe3 Kxe7 26. Bxf6+ gxf6 {½-½ (36) Guido,A (2160)-Mueller,W (2267) ICCF email 2002}) 21. b4 (21. Qe2 $5 {[%cal Re2b5]}) 21... Rac8 22. Nb3 e5 23. fxe5 dxe5 24. Bxe5 Bxb4 25. axb4 {[#] Bd4 is the strong threat.} Rxe5 26. Nc5 h5 27. h3 Rce8 {[%cal Rb7e4,Bc8e8,Be8e7,Be7a7][%mdl 32]} 28. Qf2 Ba8 29. Rf1 R5e7 30. Ra1 {[%cal Oa1a8]} Ra7 31. Qf4 Ree7 32. Kh2 Rxa1 33. Rxa1 Ra7 34. Rd1 Ne8 (34... Ra2 {with more complications.} 35. Kg1 Bc6 36. Qd6 Kh7 37. Kh1 Ne8) 35. Qe5 {[%csl LRe8,LRh5]} Nf6 36. Rd2 {Prevents Ra2.} Bc6 37. Qd6 Ne8 $1 38. Qe5 g6 39. Qf4 Re7 40. e5 Bxg2 41. Rxg2 Qc7 42. Re2 Nd6 43. Qf6 Nf5 44. Rd2 h4 {Strongly threatening ...Kh7.} 45. g4 Ne3 46. Kh1 {Hoping for e6.} Nc4 47. Ra2 {Ra8+ would kill now.} Re8 {Inhibits Ra8.} 48. e6 {Black must now prevent Rf2.} Ne5 $2 {[%mdl 8192]} (48... Qe7 $1 $11 {and Black is okay.} 49. Rf2 (49. exf7+ Qxf7 50. Qxf7+ Kxf7 $11) 49... Qxf6 50. Rxf6 fxe6) 49. Re2 (49. Ra6 fxe6 50. Kg1 (50. Rxe6 Rxe6 51. Nxe6 Qc1+ 52. Kg2 Qd2+ 53. Kf1 Qd3+ 54. Kf2 Qg3+ 55. Ke2 Qg2+ 56. Kd1 Qh1+ 57. Ke2 Qg2+ 58. Kd1 Qh1+ 59. Ke2 Qg2+ $11) 50... Qg7 51. Qxg7+ (51. Rxe6 Rxe6 52. Qxe6+ Nf7 $11) (51. Ne4 Qb7 $11) 51... Kxg7 $11) 49... Nc4 (49... Qc6+ $2 50. Kg1 Qd5 51. Rxe5 $18) 50. Qxh4 $2 $40 {[%mdl 128] White goes for the king.} (50. Re4 $18 {is more deadly.}) 50... fxe6 $2 {[#]} (50... Qc6+ $16 {keeps fighting.} 51. Kg1 Qf3) 51. Qf6 $2 ({Don't blunder} 51. Rxe6 $2 Rxe6 52. Nxe6 Qc6+ 53. Kh2 Qxe6 $19) (51. Ne4 $1 $18 {[%cal Re4f6] And now Nf6+ would win.} Kg7 52. Qf6+ Kh6 53. Qg5+ Kg7 54. Nf6 (54. Qxb5 Rf8 $18) (54. Qf6+ Kh6 $18)) 51... Qf7 $14 52. Rxe6 {White is more active.} (52. Rf2 {keeps more tension.} Rf8 53. Qxe6 Qxe6 54. Rxf8+ Kxf8 55. Nxe6+ Kf7 56. Nd4) 52... Qxf6 53. Rxf6 $16 {KRN-KRN} Re2 ({Better is} 53... Kh7) 54. g5 (54. Rxg6+ $16 Kf7 55. Rg5) 54... Ne5 (54... Kh7 $14) 55. Kg1 (55. Re6 $18 {[%cal Oc5d3] Threatens to win with Nd3!} Kf7 56. h4) 55... Rb2 56. Kf1 (56. Rf4 $14) 56... Rxb4 $11 57. Ke2 Rc4 {Weighted Error Value: White=0.31/Black=0.26 (precise)} 1/2-1/2

[Event "V Copa Marcel Duchamp 2022"]
[Site "Montevideo"]
[Date "2022.02.17"]
[Round "7.4"]
[White "Santiago, Yago De Moura"]
[Black "Vitoux, Colomban"]
[Result "1/2-1/2"]
[WhiteElo "2494"]
[BlackElo "2372"]
[Annotator "TA"]
[PlyCount "38"]
[EventDate "2022.02.12"]
[EventCountry "URU"]
[SourceTitle "playchess.com"]
[Source "ChessBase"]
[SourceQuality "1"]

{[%evp 12,38,13,12,21,13,16,17,25,0,0,0,4,0,45,0,0,-16,-5,-18,0,0,0,-20,-20,-17,-20,-67,-68]} 1. d4 d5 2. c4 c6 3. Nf3 Nf6 4. Nc3 dxc4 5. a4 e6 6. e3 c5 7. Bxc4 cxd4 {now supersedes 7...Nc6. D16: Slav Defence: 5 a4: Lines with 5...Bg4 and 5...Na6.} 8. exd4 Be7 9. O-O O-O {The position is equal.} 10. Qe2 Nc6 11. Rd1 Nb4 {Inhibits d5.} 12. Bg5 Bd7 (12... h6 $11 {is superior.} 13. Bh4 Bd7) 13. Ne5 (13. d5 $1 $14 exd5 14. Nxd5 Nbxd5 15. Bxd5) 13... Bc6 $11 14. Nxc6 bxc6 15. Bf4 Qa5 16. Be5 Rfd8 17. Ne4 Nxe4 18. Qxe4 Bd6 {[#]} 19. Rdc1 $146 (19. b3 $11) ({Predecessor:} 19. b3 Rd7 20. Bxd6 Rxd6 21. Qe5 Qd8 22. Rac1 a5 23. Rc3 {1-0 (55) Pridorozhni,A (2555)-Gordievsky,D (2406) Moscow 2012}) 19... Bxe5 {Weighted Error Value: White=0.15 (very precise) /Black=0.05 (flawless)} 1/2-1/2

[Event "V Copa Marcel Duchamp 2022"]
[Site "Montevideo"]
[Date "2022.02.17"]
[Round "7.6"]
[White "Perdomo, Leandro"]
[Black "Vazquez, Facundo"]
[Result "1/2-1/2"]
[WhiteElo "2447"]
[BlackElo "2319"]
[Annotator "TA"]
[PlyCount "54"]
[EventDate "2022.02.12"]
[EventCountry "URU"]
[SourceTitle "playchess.com"]
[Source "ChessBase"]
[SourceQuality "1"]

{[%evp 15,54,10,25,38,35,24,35,16,41,37,27,0,0,0,-15,-18,73,0,0,0,32,16,58,50,46,54,53,70,72,-8,-9,-8,-1,0,-12,-11,0,0,0,0,0]} 1. d4 d5 2. c4 dxc4 3. Nf3 e6 4. e3 Nf6 5. Bxc4 {[%cal Bf1c4,Bc4b3,Bb3c2][%mdl 32]} a6 6. O-O c5 7. Bb3 b5 8. a4 Bb7 $1 {[%mdl 4] outshines the older 8...b4.} 9. axb5 {D27: Queen's Gambit Accepted: Classical main line: 7 e4!? and 7 a4.} axb5 10. Rxa8 Bxa8 11. Qe2 {White is slightly better.} c4 12. Bc2 Nbd7 13. e4 Be7 14. Bg5 h6 15. Bh4 {[#]} Nb6 $146 {[#]} (15... O-O $11) ({Predecessor:} 15... O-O 16. Nc3 b4 17. e5 bxc3 18. exf6 Bxf6 19. Bxf6 Nxf6 20. bxc3 Qd5 21. Ra1 Rc8 {1-0 (59) Scholz,C (2382)-Cernousek,L (2408) Germany 2007}) 16. Nc3 (16. Na3 $1 $16) 16... b4 $11 17. Na4 Nfd7 (17... O-O $5 {[%cal Rb6a4]}) 18. Bxe7 (18. Nxb6 {feels hotter.} Nxb6 19. Bxe7 Qxe7 20. Ne5 b3 21. Nxc4 Qb4 22. Nxb6 Qxb6 23. Bd3) 18... Kxe7 (18... Qxe7 $11 19. Ne5 b3 20. Nxb6 Nxb6 21. Nxc4 Qb4 22. Nxb6 Qxb6) 19. Qd2 $14 c3 $1 (19... b3 $2 20. Qb4+ Ke8 21. Bb1 $16) 20. bxc3 {[%cal Oc3c4] Hoping for c4!} Nxa4 21. Bxa4 {Strongly threatening c4.} Bxe4 22. cxb4 (22. c4 $16 Bxf3 23. Qxb4+ (23. gxf3 Qb6 $16) 23... Kf6 24. gxf3) 22... Bxf3 $11 {The position is equal.} 23. gxf3 {[#]} Ne5 $1 24. Kg2 Qd5 25. Qc3 {[#]} Rc8 $1 26. Qxc8 Qxf3+ 27. Kg1 {White wants to mate with Qe8+.} Qg4+ {Weighted Error Value: White=0.16 (very precise) /Black=0.15 (very precise)} 1/2-1/2

[Event "V Copa Marcel Duchamp 2022"]
[Site "Montevideo"]
[Date "2022.02.17"]
[Round "7.7"]
[White "Labollita, Martin"]
[Black "Diaz Hollemaert, Nahuel"]
[Result "1/2-1/2"]
[WhiteElo "2388"]
[BlackElo "2439"]
[Annotator "TA"]
[PlyCount "50"]
[EventDate "2022.02.12"]
[EventCountry "URU"]
[SourceTitle "playchess.com"]
[Source "ChessBase"]
[SourceQuality "1"]

{[%evp 17,50,31,27,21,48,0,0,-16,-16,-25,-12,-12,-16,-19,-13,-21,-15,-40,-39,-33,-30,-31,-31,-18,-10,-24,-22,-24,-17,-14,-10,-22,-11,-24,-6]} 1. d4 g6 2. e4 d6 3. Nc3 Bg7 4. Be3 c6 5. Qd2 Nd7 6. Nf3 b5 7. Bd3 Ngf6 8. h3 O-O 9. O-O Qc7 10. Ne2 {B07: Pirc Defence: Miscellaneous Systems.} e5 11. c3 {[#]} (11. dxe5 $14 {deserves consideration.} Nxe5 12. Nxe5 dxe5 13. a4) 11... d5 $146 ({Predecessor:} 11... Re8 12. Ng3 a6 13. Bh6 Bh8 14. Rfe1 Nf8 15. Rad1 Be6 16. b3 Rad8 17. Ng5 Bc8 18. Nf3 Ne6 19. Bc2 {½-½ (19) Hoepfl,T (2288)-Jahnel,G (2270) Germany 2017}) 12. Nxe5 {The position is equal.} Nxe5 13. dxe5 Nxe4 14. Bxe4 dxe4 15. Ng3 Bxe5 {And now ...f5 would win.} 16. Nxe4 Bf5 17. f3 Rad8 18. Qf2 Bxe4 19. fxe4 Bg3 20. Qf3 Rd3 21. Rad1 Rfd8 22. Rxd3 Rxd3 23. Rd1 Rxd1+ 24. Qxd1 Be5 25. Kf1 Qe7 {Weighted Error Value: White=0.09 (flawless) /Black=0.04 (flawless)} 1/2-1/2

[Event "V Copa Marcel Duchamp 2022"]
[Site "Montevideo"]
[Date "2022.02.17"]
[Round "7.8"]
[White "Valerga, Diego"]
[Black "Michailov, Matias"]
[Result "1-0"]
[WhiteElo "2431"]
[BlackElo "2248"]
[Annotator "TA"]
[PlyCount "97"]
[EventDate "2022.02.12"]
[EventCountry "URU"]
[SourceTitle "playchess.com"]
[Source "ChessBase"]
[SourceQuality "1"]

{[%evp 9,97,-23,-4,-3,6,-17,0,-20,0,-18,22,1,12,12,35,27,73,66,76,68,80,35,47,37,45,44,51,48,41,27,29,35,48,52,122,125,147,130,141,87,138,158,205,202,383,389,408,322,403,379,361,286,931,924,894,413,411,379,558,0,0,-160,-191,-179,0,0,0,0,0,0,0,0,0,0,0,0,0,0,756,728,1139,894,803,674,29962,29965,29968,29967,29982,29983]} 1. e4 e6 2. d4 d5 3. Nc3 Bb4 4. Qd3 Ne7 5. Bd2 b6 6. Nge2 {C15: French: 3 Nc3 Bb4: Unusual White 4th moves.} Ba6 7. Qf3 (7. Qg3 {is more complex.} O-O 8. exd5 Nxd5 9. O-O-O Bd6 10. Qh3) 7... Nbc6 8. O-O-O {[#] The position is equal.} Bxc3 $146 ({Predecessor:} 8... O-O 9. exd5 Bxe2 10. Nxe2 Qxd5 11. Qxd5 Bxd2+ 12. Rxd2 exd5 13. Nf4 Rad8 14. Bb5 a6 15. Bxc6 Nxc6 {½-½ (23) Jerez Perez,A (2356)-Barrero Garcia,C (2307) Cala Galdana 2001}) 9. Bxc3 Qd7 10. Qg3 O-O 11. f3 Bb5 12. h4 {[%cal Bh2h4,Bh4h5][%mdl 32]} Kh8 (12... a5 $11 {should be considered.}) 13. h5 h6 14. Kb1 a5 15. Nc1 (15. Qf2 $16) 15... Bxf1 $14 16. Rhxf1 Na7 17. Nd3 Nb5 18. Bd2 Nc6 19. Ne5 Nxe5 20. dxe5 {[%cal Oc2c4]} d4 21. f4 f5 ({Better is} 21... Rg8 $14) 22. exf6 $1 $16 Rxf6 23. Qd3 c5 24. c4 (24. g4 $142) 24... Nc7 ({Black should try} 24... Na7) 25. g4 $1 {[%cal Bg2g4,Bg4g5][%mdl 32]} Na6 (25... Raf8 $16 {was worth a try.}) 26. a3 $18 b5 $2 (26... Raf8 27. Rg1 Nc7) 27. g5 (27. cxb5 c4 28. Qxc4 Rc8 $18) 27... Rf7 28. gxh6 Rb8 29. hxg7+ Rxg7 30. Rg1 (30. Bxa5 bxc4 31. Qxc4 Qb7 $18) 30... Rxg1 (30... b4 31. a4 b3) 31. Rxg1 bxc4 32. Qxc4 (32. Qg3 $142 {White threatens Qg5 and mate.} Qf7 33. f5) 32... Qb7 {[%csl Gb8][%cal Rb7b2]} 33. Qc2 {Hoping for Rg6.} c4 (33... Rg8 $142 34. Rxg8+ Kxg8) 34. Ka1 $2 (34. Rg6 $18) 34... Nc5 $11 35. Bc1 $2 {[#]} (35. b4 $11 Nb3+ 36. Ka2 Nxd2 37. Qxd2 Qxe4 38. f5) 35... c3 $1 $17 {Strongly threatening ...Nb3+.} 36. Rg6 {[#]} (36. bxc3 $2 d3 37. Qb2 Nb3+ 38. Kb1 d2 39. c4+ Kh7 40. Rg7+ Qxg7 $19) 36... Nb3+ $2 (36... Kh7 $1 $19 {White must now prevent ...Nb3+.} 37. Rg1 (37. bxc3 d3 38. Qb2 Nb3+ 39. Ka2 Nxc1+ 40. Qxc1 Qb3+ 41. Ka1 d2) 37... Nb3+ 38. Kb1 e5) 37. Kb1 $11 {[%cal Ba1b1,Bb1c1,Bc1d1,Bd1c2][%mdl 32] aiming for Rh6+.} Nd2+ (37... Nxc1 38. Rh6+ Kg8 39. b4 $18) 38. Bxd2 {The board is on fire.} Qxb2+ 39. Qxb2 Rxb2+ 40. Kc1 Rxd2 41. Rxe6 {[%mdl 4096] Endgame KR-KR} d3 42. Rd6 Rc2+ 43. Kd1 Ra2 $2 {[%mdl 8192]} (43... Rd2+ $11 44. Kc1 Rc2+ 45. Kd1 Rd2+ 46. Kc1) 44. Rxd3 $18 Rxa3 45. Kc2 Ra4 46. Re3 Rc4 47. f5 {White mates.} a4 48. e5 {[%cal Be4e5,Be5e6][%mdl 32]} a3 49. e6 {Weighted Error Value: White=0.41/Black=0.43} 1-0

[Event "V Copa Marcel Duchamp 2022"]
[Site "Montevideo"]
[Date "2022.02.17"]
[Round "7.9"]
[White "Lujan, Carolina"]
[Black "Roselli Mailhe, Bernardo"]
[Result "1/2-1/2"]
[WhiteElo "2334"]
[BlackElo "2426"]
[Annotator "TA"]
[PlyCount "98"]
[EventDate "2022.02.12"]
[EventCountry "URU"]
[SourceTitle "playchess.com"]
[Source "ChessBase"]
[SourceQuality "1"]

{[%evp 14,98,39,23,31,25,27,30,31,33,32,26,23,20,21,2,0,0,0,0,0,0,-10,0,-9,-9,-12,-27,0,-5,-12,-35,-5,-6,-6,-25,-7,-5,16,16,14,-62,-41,-78,-63,-77,-72,-77,-77,-77,-77,-77,-77,-77,-77,-77,-77,-90,-97,-97,-97,-97,-97,-97,-97,-97,-97,-97,-97,-97,0,-97,-97,-97,-97,-97,-97,-104,-104,-104,-104,-104,-104,-104,-104,-104,0]} 1. e4 e6 2. d4 d5 3. Nd2 a6 4. Bd3 c5 5. dxc5 Bxc5 6. Ngf3 Nc6 7. O-O Nf6 8. exd5 exd5 {C07: French Tarrasch: 3...c5, 4 Ngf3 and 4 exd5 Qxd5.} 9. Nb3 Be7 10. h3 O-O {White has an edge.} 11. Re1 Re8 12. c3 Ne4 13. Bf4 Bf5 {[#]} 14. Nbd4 $146 ({Predecessor:} 14. Re3 Qb6 15. Qc2 Rad8 16. Nfd2 Bh4 17. Bxe4 Bxe4 18. Nxe4 dxe4 19. g3 g5 20. Rxe4 gxf4 21. Rxe8+ Rxe8 22. gxh4 {½-½ (34) Bobkov,A (2142)-Jimenez Melguizo,F (2091) ICCF email 2017}) 14... Bg6 15. Be3 Bd6 16. Nxc6 bxc6 17. c4 Rb8 18. cxd5 cxd5 19. Bxa6 Rxb2 20. Bd4 Rb8 (20... Rb4 $5 {[%cal Rb4d4]}) 21. Bf1 Bh5 22. Qd3 Bc7 23. Rac1 Ra8 24. Qc2 (24. a4 $5) 24... Bf4 25. Be3 $1 ({Wrong is} 25. Bb5 $2 Bxf3 26. gxf3 Qg5+ 27. Kh1 {[#]} Qh5 $1 28. fxe4 Qxh3+ 29. Kg1 Rec8 $19) 25... Qf6 26. Bxf4 Qxf4 27. Nh2 (27. Nd4 $11) 27... h6 $1 $36 {[%cal Oa8c8][%mdl 2048] And now ...Rac8! would win. Black fights for an advantage.} 28. g3 Qf6 {[%cal Oa8c8] Hoping for ...Rac8!} 29. Bg2 {[%cal Rg2e4]} Rac8 (29... Bg6 {with more complications.} 30. Ng4 Qa6 31. Qb2 Rab8 32. Qd4 Qxa2 33. Ra1 Qc4) 30. Rxe4 dxe4 31. Qxc8 Rxc8 32. Rxc8+ Kh7 {[%cal Oe4e3] ...e3! is the strong threat.} 33. Bxe4+ Bg6 34. Bxg6+ Qxg6 $17 {[%mdl 4096] Endgame KQ-KRN} 35. h4 Qb1+ 36. Nf1 Qxa2 37. Rc5 Qb1 38. Rc4 Qd1 39. Rf4 Kg8 40. Kg2 Qd5+ 41. Kg1 Qd1 42. Kg2 $1 h5 {Black is better.} 43. Ne3 Qb1 44. Kh2 g6 45. Kg2 Qa2 46. Kg1 Kg7 47. Kg2 Qa8+ 48. Kg1 Qa1+ 49. Kg2 Qa8+ {Weighted Error Value: White=0.07 (flawless) /Black=0.06 (flawless)} ({Better is} 49... f6 $17 50. Rc4 Qa8+ 51. Kh2 Qb7) 1/2-1/2

[Event "V Copa Marcel Duchamp 2022"]
[Site "Montevideo"]
[Date "2022.02.17"]
[Round "7.10"]
[White "Coppola, Claudio"]
[Black "Hoffman, Alejandro"]
[Result "1-0"]
[WhiteElo "2285"]
[BlackElo "2403"]
[Annotator "TA"]
[PlyCount "87"]
[EventDate "2022.02.12"]
[EventCountry "URU"]
[SourceTitle "playchess.com"]
[Source "ChessBase"]
[SourceQuality "1"]

{[%evp 20,87,68,61,58,56,52,54,66,82,82,82,74,63,68,70,82,79,92,75,94,91,95,41,61,61,48,38,57,9,16,4,31,24,26,0,0,0,37,37,37,37,37,37,37,42,136,136,122,45,200,208,208,187,226,220,295,289,416,416,863,854,831,791,727,727,29986,29987,29994,29995]} 1. d4 c5 2. d5 Nf6 3. c4 g6 4. Nc3 d6 5. Nf3 Bg7 6. g3 O-O 7. Bg2 e6 8. dxe6 Bxe6 9. Ng5 Nc6 10. Nxe6 fxe6 11. O-O Qe7 {E60: King's Indian: Unusual lines and Fianchetto Variation without Nc3.} 12. Bf4 Rad8 13. Qd2 (13. Bg5 h6 14. Bd2 (14. Nd5 $2 exd5 15. Bxf6 Qxf6 $19) 14... d5 $11) 13... Nh5 {White is slightly better.} 14. Bg5 Bf6 15. Bh6 {This bishop pair is nice.} Bg7 16. Rad1 Bxh6 17. Qxh6 {[#]} Kh8 $146 ({Predecessor:} 17... Rd7 18. f4 Nd4 19. g4 Nf6 20. Qh4 a6 21. Rd2 Nc6 22. Rd3 Qg7 23. Bh3 Ne8 {1-0 (47) Tregubov,P (2475)-Brkljaca,A (2375) Nis 1993}) 18. b3 Ne5 {[%cal Of8f4]} 19. Qe3 {Inhibits Rf4.} Nf6 20. h3 (20. Qc1 {is more complex.} a6 21. h3 Nh5 22. Rd2 Kg8 23. Rfd1) 20... Nc6 {[%cal Be5c6,Bc6b4,Bb4a2][%mdl 32]} 21. Ne4 (21. Qc1 $16) 21... Nxe4 22. Qxe4 Rd7 23. e3 Qf6 24. f4 (24. Rd2 $14) 24... Rfd8 $11 25. Qc2 Nb4 26. Qe2 d5 27. e4 (27. a3 {with more complications.} Nc6 28. Rd3 b6 29. cxd5 exd5 30. Rfd1) 27... dxe4 {Strongly threatening ...Rxd1.} 28. Bxe4 Rxd1 (28... Nxa2 $5 {[%cal Ra2c3]} 29. Rxd7 Rxd7 30. Qxa2 Qd4+ 31. Qf2 Qxe4 $11) 29. Rxd1 Rxd1+ 30. Qxd1 Nxa2 31. Bxb7 Nc3 32. Qd6 g5 (32... Nd5 $14) 33. Bf3 $16 {White is more active.} gxf4 34. gxf4 (34. Qb8+ $16 Kg7 35. Qxa7+ Kg8 36. Qxc5) 34... Kg7 $2 {[#] A mistake that costs the game.} (34... Qd4+ $1 $14 35. Qxd4+ cxd4) 35. Qxc5 $18 Qxf4 36. Qxa7+ Kh6 37. Qf2 e5 38. Bg4 ({Weaker is} 38. Qb6+ Kg5 39. Qd8+ Kg6 40. Qd3+ e4 41. Qxc3 (41. Bh5+ Kxh5 42. Qxc3 e3 $11) 41... Qg3+ 42. Kf1 Qxh3+ 43. Kf2 Qh4+ 44. Ke3 exf3 $16) 38... Qc1+ (38... Kg5 $142 39. b4 Kf6 40. Qxf4+ exf4) 39. Kg2 {[%cal Rf2f6] [#]} Kg7 {Prevents Qf6+.} (39... Qg5 $142 40. Qe1 Na2) 40. Qa7+ Kh6 41. Qb6+ Kg5 42. Qd8+ ({Less strong is} 42. Qf2 Qf4 43. b4 Qe4+ 44. Kh2 Qf4+ 45. Kg1 Qd4 $18) 42... Kf4 43. Qf6+ Ke4 44. Bf5+ {Weighted Error Value: White=0.09 (flawless) /Black=0.47} 1-0

[Event "V Copa Marcel Duchamp 2022"]
[Site "Montevideo"]
[Date "2022.02.17"]
[Round "7.11"]
[White "Carbone, Diego"]
[Black "Morovic Fernandez, Ivan"]
[Result "0-1"]
[WhiteElo "2272"]
[BlackElo "2498"]
[Annotator "TA"]
[PlyCount "62"]
[EventDate "2022.02.12"]
[EventCountry "URU"]
[SourceTitle "playchess.com"]
[Source "ChessBase"]
[SourceQuality "1"]

{[%evp 21,62,8,23,0,1,-25,-17,-30,-14,-37,-28,-41,-43,-41,-46,-62,-59,-105,-125,-97,-110,-127,-112,-197,-191,-448,-436,-458,-458,-439,-472,-460,-456,-454,-454,-526,-526,-517,-502,-490,-483,-1091,-1047]} 1. d4 Nf6 2. c4 g6 3. g3 Bg7 4. Bg2 O-O 5. Nc3 d6 6. Nf3 c6 7. O-O Qb6 8. h3 Qa6 9. b3 b5 10. Nd2 bxc4 11. Nxc4 Be6 12. Nd2 {E62: King's Indian: Fianchetto: 6...c6 and Panno Variation (6...Nc6) without ...a6.} Nd5 {[#]} 13. Nxd5 $146 ({Predecessor:} 13. Ndb1 Nxc3 14. Nxc3 Nd7 15. Bb2 Rab8 16. Qd2 Rfc8 17. Rac1 Nb6 18. Kh2 Qa5 19. Rfd1 Qb4 20. Ne4 Qxd2 21. Rxd2 a5 22. Ng5 Bh6 23. f4 {½-½ (23) Gorelov,S (2430)-Titov,G (2380) Moscow 1986}) 13... Bxd5 14. Nf3 {The position is equal.} Nd7 15. Bb2 Qb7 16. Qc2 Nf6 {To avoid e4} 17. Rfe1 Be4 18. Qd2 a5 19. Nh4 {[#]} (19. Ba3 $15) 19... Bxg2 $1 $17 20. Nxg2 a4 21. bxa4 Rfb8 {Black is more active.} 22. Rab1 (22. Reb1 $17 {keeps fighting.}) 22... Rxa4 $19 23. Bc3 $2 (23. Nf4) 23... Qxb1 {Black is clearly winning.} 24. Rxb1 Rxb1+ 25. Kh2 Ne4 26. Qc2 {[#] Be1 is the strong threat.} Nxc3 27. Qxc3 Rxa2 28. Qxc6 Rxe2 29. Qa8+ Bf8 30. Qf3 Rd2 {Threatens to win with ...Rf1.} 31. d5 (31. Ne3 $142 Rxd4 32. Qe2) 31... Rf1 {Black took control after the opening.  Weighted Error Value: White=0.57/Black=0.02 (flawless)} 0-1

[Event "V Copa Marcel Duchamp 2022"]
[Site "Montevideo"]
[Date "2022.02.17"]
[Round "7.12"]
[White "Pichuaga, Juan Pablo"]
[Black "Tristan, Leonardo"]
[Result "0-1"]
[WhiteElo "2030"]
[BlackElo "2561"]
[Annotator "TA"]
[PlyCount "58"]
[EventDate "2022.02.12"]
[EventCountry "URU"]
[SourceTitle "playchess.com"]
[Source "ChessBase"]
[SourceQuality "1"]

{[%evp 9,58,-25,-19,-29,0,0,0,0,0,0,0,-1,25,25,18,-8,0,0,0,6,8,-28,-14,-18,-10,-104,-95,-114,-121,-124,-70,-166,-83,-88,-90,-177,-179,-219,-211,-2401,-2444,-2673,-2724,-2478,-2443,-2140,-2012,-1937,-1932,-1707,-1662]} 1. Nf3 d5 2. d4 Nf6 3. g3 Bf5 4. Bg2 e6 5. Nc3 h6 6. O-O {D02: 1 d4 d5 2 Nf3 sidelines, including 2...Nf6 3 g3 and 2...Nf6 3 Bf4.} c5 $5 {[%mdl 4] An interesting side line.} 7. dxc5 Bxc5 {[#]} 8. Na4 $146 {The position is equal.} ({Predecessor:} 8. Nd4 Bxd4 9. Qxd4 Bxc2 10. Qc5 b6 11. Qb5+ Nbd7 12. Qb4 a6 13. b3 Nc5 14. Be3 {0-1 (44) Wittur,H (1918)-Birkenbeul,H (1534) Langenhagen 2009}) 8... Be7 9. c4 $1 O-O 10. cxd5 exd5 11. Nd4 Be4 12. Nc3 Bxg2 13. Kxg2 Nc6 14. b3 Qb6 15. Nf5 d4 16. Na4 Qd8 17. Nxe7+ (17. Bb2 $11 {remains equal.}) 17... Qxe7 $17 18. Bd2 Rfe8 $36 {[%mdl 2048] Black is in control.} 19. Re1 Qe4+ ({Black should try} 19... Rad8 $1 $17 20. Rc1 Rd5) 20. Kg1 {[#]} (20. f3 $15 Qf5 21. Rc1) 20... Qg4 (20... Qf5 $1 $19 {aiming for ...Ne5.} 21. f3 Rad8) 21. Kg2 Re5 {Strongly threatening ...Rh5. Black is much more active.} 22. f3 {[#]} (22. e4 $17) 22... Qe6 $1 $19 {Threatens to win with ...Re8.} 23. Nb2 Re8 {[%cal Re5e2]} ({And not} 23... Rh5 24. h4 $17) 24. Kf2 (24. Nc4 Rxe2+ 25. Rxe2 Qxe2+ 26. Kg1) 24... Qh3 {Black is clearly winning.} 25. Rh1 Rxe2+ 26. Qxe2 Rxe2+ 27. Kxe2 Qg2+ 28. Kd3 Qxf3+ 29. Kc2 Qe4+ {Weighted Error Value: White=0.54/Black=0.07 (flawless)} 0-1